=LDR 00000nam 2200000 4500 =001 INLIS000000000032890 =005 20130612134857 =008 ***********************************Ind** =035 ##$$0010-061300000032890 =041 ##$$a Ind =082 ##$$a 028.55 =090 ##$$a 028.55, War a =100 ##$$a Wardana,Eka =245 ##$$a Aku Bisa Mandi Sendiri, I can take a bath by myself, Eka Wardhana =260 ##$$a 2009 $b Bandung =300 ##$$a 23 hlm.6bilus., 23 cm =650 ##$$a Bacaan Kanak-kanak =850 ##$$a NBPNMAT